| 000 | 03265cam a2200433 a 4500 | ||
|---|---|---|---|
| 999 |
_c112744 _d112744 |
||
| 001 | 16991758 | ||
| 003 | BJBSDDR | ||
| 005 | 20230411090120.0 | ||
| 008 | 110619s2011 nyua 101 0 eng | ||
| 010 | _a 2011040373 | ||
| 020 | _a9780230304581 (alk. paper) | ||
| 020 | _a9780230304598 (pbk. : alk. paper) | ||
| 040 |
_aDLC _cDLC _dDLC |
||
| 042 | _apcc | ||
| 043 |
_ae-uk--- _an-us--- |
||
| 050 | 0 | 0 |
_aHB 3722 _bL496 2011 |
| 082 | 0 | 0 |
_a330.973 _223 |
| 245 | 0 | 4 |
_aThe legacy of the crash : _bhow the financial crisis changed America and Britain / _cedited by Terrence Casey. |
| 260 |
_aNew York : _bPalgrave Macmillan, _c2011. |
||
| 300 |
_axv, 291 p. : _bill. ; _c23 cm. |
||
| 500 | _aPapers presented at a conference organized by the British Politics Group in September 2010. | ||
| 500 | _aIncludes index. | ||
| 505 | _a The political challenges of hard times / Terrence Casey -- Was there ever an Anglo-American model of capitalism? / Wyn Grant -- Capitalism, crisis, and a zombie named TINA / Terrence Casey -- A tale of two cities: financial meltdown and the Atlantic divide / David Coates, Kara Dickstein -- Fiscal policy responses to the economic crisis in the UK and the US / Edward Ashbee -- Divided in victory? The Conservatives and the Republicans / Tim Bale, Robin Kolodny -- The crisis of capitalism and the downfall of the left / Graham Wilson -- Third parties and political dynamics in the UK and the US / Arthur I. Cyr -- Party polarization and ideology: diverging trends in Britain and the US / Nicol C. Rae, Juan S. Gil -- Economics, partisanship, and elections: economic voting in the 2010 UK parliamentary and US congressional elections / Michael J. Brogan -- The politics and changing political economy of health care in the US and the UK / Alex Wadden -- From 9/11 to 2011: the 'war on terror' and the onward march of executive power? / John E. Owens, Mark Shephard -- The 'war on terror' in court: a comparative analysis of judicial empowerment / Richard J. Maiman -- Anglo-American politics in the age of austerity / Terrence Casey. | ||
| 520 | _a When the global financial system crashed, governments in America and Britain perfomed the greatest bailout in history. The legacy is record government debt, low growth and a new era of austerity. Here, a stellar cast of contributors, including Tim Bale and Wyn Grant provide a sophisticated account of how the administrations are faring. | ||
| 650 | 0 |
_aGlobal Financial Crisis, 2008-2009 _vCongresses. |
|
| 650 | 0 |
_aFinancial crises _zGreat Britain _vCongresses. |
|
| 650 | 0 |
_aFinancial crises _zUnited States _vCongresses. |
|
| 650 | 0 |
_aCrisis financiera global, 2008-2009 _9408 |
|
| 650 | 0 |
_aCrisis financiera _zEstados Unidos _988 |
|
| 651 | 0 |
_aGreat Britain _xEconomic policy _y1997- _vCongresses. |
|
| 651 | 0 |
_aUnited States _xEconomic policy _y2001-2009 _vCongresses. |
|
| 651 | 0 |
_aUnited States _xEconomic policy _y2009- _vCongresses. |
|
| 651 | 4 |
_aEstados Unidos _xPolítica económica _y2001-2009 _9843 |
|
| 700 | 1 |
_aCasey, Terrence. _95521 |
|
| 710 | 2 | _aBritish Politics Group. | |
| 906 |
_a7 _bcbc _corignew _d1 _eecip _f20 _gy-gencatlg |
||
| 942 |
_2lcc _cBK |
||